000 00428 a2200157 4500
001 74380
020 _a978849778552-5
040 _cAnchieta - Colégio São Paulo
100 _aFouces, Óscar Díaz
240 1 0 _aDiccionario Bilingue para estudantes Brasileños
_lpor
245 1 0 _aDiccionario Bilingue para estudantes Brasileños
300 _a595
362 0 _a2011
650 4 _aObras enciclopédicas gerais
942 _cBK
999 _c74380
_d74380